LIBRARY & INFORMATION CENTRE, KCAET, TAVANUR

ONLINE PUBLIC ACCESS CATALOGUE (OPAC)

Century of Darwin / (Record no. 6094)

MARC details
000 -LEADER
fixed length control field 00339cam a2200145ua 4500
041 ## - LANGUAGE CODE
Language code of text/sound track or separate title eng
082 ## - DEWEY DECIMAL CLASSIFICATION NUMBER
Classification number 925
Item number BAR/CE
100 ## - MAIN ENTRY--AUTHOR NAME
Personal name Barnett, S A .
245 ## - TITLE STATEMENT
Title Century of Darwin /
260 ## - PUBLICATION, DISTRIBUTION, ETC. (IMPRINT)
Place of publication London :
Name of publisher Heinemann ,
Year of publication 1959.
300 ## - PHYSICAL DESCRIPTION
Number of Pages 376 ; .
942 ## - ADDED ENTRY ELEMENTS (KOHA)
Koha item type Books
Holdings
Withdrawn status Lost status Damaged status Home library Current library Date acquired Full call number Accession Number Koha item type
      KAUAET KAUAET 07/04/2012 925 5708 Books
free website counter